000 00325nam a2200121Ia 4500
008 150202s9999 xx 000 0 und d
050 _aFIC
_bFIC
100 _aBehr, Edward.
245 _aGetting even /
_cEdward Behr.
260 _aGreat Britain :
_bNel Books,
_c1980.
300 _a288 pages :
_c18 cm.
650 _aFiction.
999 _c281849
_d281849